000 00315nam a22001337a 4500
020 _a978-0-00-752050-3
082 _a823
_bCOE/M
100 _aCOELHO, PAULO
245 _aMANUSCRIPT FOUND IN ACCRA
260 _aLONDON
_bHARPER COLLINS
_c2013
300 _a194
650 _aMOTIVATIONAL
_zUNITED KINGDOM
942 _cBK
999 _c8012
_d8012